000 01053nam a22002655i 4500
001 167878
003 ES-MaACL
005 20250815004212.0
008 050929e1875 fr | |||||||| ||fre d
040 _aCAM
_bspa
_cCAM
080 _a94(100)"18"
100 1 _aWeber, Georg,
_d1808-1888
_9133891
_eaut
245 1 0 _aHistoire contemporaine 1830-1872 /
_cpar Georges Weber; traduite de l'allemandsur la 75me. éd. par Laurent-Lapp.
250 _aSeule éd. française autorisé.
260 _aParis :
_bLibrairie Internationale A. Lacroix et cie.,
_c1875
_f(Imp. E. Heutte et Ce.)
300 _a2 volúmenes ;
_c19 cm.
490 1 _aHistoire universelle
650 7 _aHistoria contemporánea
_2embne
_913393
700 1 _9241159
_aLaurent-Lapp, Jacques,
_d1836-1904
_etrl
830 0 _aHistoire universelle
_9182495
852 _aES-MaACL
_cSVI
_gFirma autógrafa de Antonio Aura Boronat
_hDonativo de Antonio Aura Boronat
_jD-5035-36
_xHolandesa
942 _2udc
_cMONANT
_n0
999 _c167878
_d167878